[Event "Blitz 2018"]
[Site "Saint-Petersburg"]
[Date "2018.12.29"]
[Round "4"]
[Board "58"]
[White "Makarenko Alexandra (RUS)"]
[Black "Sviridova Vlada (RUS)"]
[Result "1/2-1/2"]
[BlackElo "2204"]
[WhiteElo "2065"]
[LiveChessVersion "1.4.8"]

1. e4 {[%clk 0:03:02]} e6 {[%clk 0:03:04]} 2. d4 {[%clk 0:03:01]} d5
{[%clk 0:03:05]} 3. Nc3 {[%clk 0:03:01]} Nf6 {[%clk 0:03:06]} 4. Bg5
{[%clk 0:02:59]} dxe4 {[%clk 0:03:06]} 5. Nxe4 {[%clk 0:02:57]} Be7
{[%clk 0:03:06]} 6. Bxf6 {[%clk 0:02:49]} gxf6 {[%clk 0:03:07]} 7. c3
{[%clk 0:02:46]} f5 {[%clk 0:03:06]} 8. Ng3 {[%clk 0:02:40]} Nd7 {[%clk 0:02:59]}
9. Nf3 {[%clk 0:02:39]} Nf6 {[%clk 0:02:44]} 10. Qb3 {[%clk 0:02:33]} c6
{[%clk 0:02:37]} 11. O-O-O {[%clk 0:02:25]} a5 {[%clk 0:02:37]} 12. Bd3
{[%clk 0:02:21]} a4 {[%clk 0:02:37]} 13. Qc2 {[%clk 0:02:22]} Qd5
{[%clk 0:02:25]} 14. c4 {[%clk 0:02:19]} Qa5 {[%clk 0:02:17]} 15. Kb1
{[%clk 0:02:19]} O-O {[%clk 0:02:07]} 16. Qe2 {[%clk 0:01:57]} b5
{[%clk 0:01:53]} 17. Ne5 {[%clk 0:01:46]} Bb7 {[%clk 0:01:45]} 18. Nh5
{[%clk 0:01:43]} Nxh5 {[%clk 0:01:26]} 19. Qxh5 {[%clk 0:01:44]} Bf6
{[%clk 0:01:27]} 20. g4 {[%clk 0:01:41]} bxc4 {[%clk 0:01:16]} 21. Nxc4
{[%clk 0:01:37]} Qd5 {[%clk 0:01:14]} 22. gxf5 {[%clk 0:01:29]} Kh8
{[%clk 0:00:58]} 23. Rhg1 {[%clk 0:01:25]} Ba6 {[%clk 0:00:34]} 24. Rg3
{[%clk 0:01:01]} Rg8 {[%clk 0:00:21]} 25. Rh3 {[%clk 0:00:35]} Rg7
{[%clk 0:00:20]} 26. fxe6 {[%clk 0:00:35]} Qxh5 {[%clk 0:00:21]} 27. Rxh5
{[%clk 0:00:36]} fxe6 {[%clk 0:00:19]} 28. Ne5 {[%clk 0:00:33]} Bxe5
{[%clk 0:00:16]} 29. Rxe5 {[%clk 0:00:29]} Bxd3+ 30. Rxd3 {[%clk 0:00:31]} Rf8
{[%clk 0:00:12]} 31. Rd2 {[%clk 0:00:24]} Rf6 {[%clk 0:00:11]} 32. Rc5
{[%clk 0:00:18]} Rc7 {[%clk 0:00:12]} 33. Kc2 {[%clk 0:00:16]} Kg7
{[%clk 0:00:13]} 34. Rc4 {[%clk 0:00:17]} Kf7 {[%clk 0:00:13]} 35. Rxa4
{[%clk 0:00:17]} Ke7 {[%clk 0:00:14]} 36. Ra5 {[%clk 0:00:16]} Kd6
{[%clk 0:00:15]} 37. Rh5 {[%clk 0:00:14]} h6 {[%clk 0:00:16]} 38. a4
{[%clk 0:00:15]} Rb7 {[%clk 0:00:15]} 39. b3 {[%clk 0:00:14]} Rf3
{[%clk 0:00:12]} 40. Rxh6 {[%clk 0:00:12]} Rbxb3 41. h4 {[%clk 0:00:06]} Rfc3+
{[%clk 0:00:14]} 42. Kd1 {[%clk 0:00:07]} Rh3 {[%clk 0:00:12]} 43. Re2
{[%clk 0:00:06]} Rbd3+ {[%clk 0:00:12]} 44. Kc2 {[%clk 0:00:05]} Rc3+
{[%clk 0:00:13]} 45. Kb2 {[%clk 0:00:04]} Rb3+ {[%clk 0:00:15]} 46. Kc2
{[%clk 0:00:05]} Rhc3+ {[%clk 0:00:15]} 47. Kd2 {[%clk 0:00:07]} Rd3+
{[%clk 0:00:16]} 48. Kc2 {[%clk 0:00:08]} Rbc3+ 49. Kb2 Rb3+ {[%clk 0:00:19]} 50.
Kc2 {[%clk 0:00:11]} Rbc3+ {[%clk 0:00:20]} 51. Kb2 {[%clk 0:00:12]} Rb3+
{[%clk 0:00:21]} 52. Kc2 {[%clk 0:00:09]} Rdc3+ {[%clk 0:00:22]} 53. Kd2
{[%clk 0:00:11]} Rd3+ {[%clk 0:00:24]} 54. Kc2 {[%clk 0:00:12]} Rbc3+
{[%clk 0:00:25]} 55. Kb2 {[%clk 0:00:13]} Rb3+ {[%clk 0:00:26]} 56. Kc2
{[%clk 0:00:13]} Ke5 1/2-1/2

[Event "Blitz 2018"]
[Site "Saint-Petersburg"]
[Date "2018.12.29"]
[Round "5"]
[Board "8"]
[White "Michna Marta (GER)"]
[Black "Arabidze Meri (GEO)"]
[Result "1/2-1/2"]
[BlackElo "2323"]
[WhiteElo "2433"]
[LiveChessVersion "1.4.8"]

1. Nf3 {[%clk 0:03:02]} d5 {[%clk 0:03:04]} 2. d3 {[%clk 0:03:03]} Nf6
{[%clk 0:03:04]} 3. g3 {[%clk 0:03:05]} e6 {[%clk 0:03:05]} 4. Bg2
{[%clk 0:03:06]} Be7 {[%clk 0:03:06]} 5. O-O {[%clk 0:03:06]} c5 {[%clk 0:03:06]}
6. Nbd2 {[%clk 0:03:07]} O-O {[%clk 0:03:07]} 7. e4 {[%clk 0:03:07]} Nc6
{[%clk 0:03:08]} 8. c3 {[%clk 0:02:58]} b5 {[%clk 0:03:06]} 9. Qc2
{[%clk 0:02:36]} a5 {[%clk 0:02:56]} 10. exd5 {[%clk 0:02:32]} exd5
{[%clk 0:02:52]} 11. a4 {[%clk 0:02:26]} b4 {[%clk 0:02:53]} 12. Re1
{[%clk 0:02:19]} bxc3 {[%clk 0:02:42]} 13. bxc3 {[%clk 0:02:20]} Ba6
{[%clk 0:02:43]} 14. Nh4 {[%clk 0:02:15]} Qd7 {[%clk 0:02:39]} 15. Ndf3
{[%clk 0:01:41]} Rae8 {[%clk 0:02:29]} 16. Bd2 {[%clk 0:01:20]} d4
{[%clk 0:02:26]} 17. cxd4 {[%clk 0:00:39]} cxd4 {[%clk 0:02:27]} 18. Ne5
{[%clk 0:00:35]} Nxe5 {[%clk 0:02:24]} 19. Rxe5 {[%clk 0:00:36]} Rc8
{[%clk 0:02:03]} 20. Qb3 {[%clk 0:00:31]} Rb8 {[%clk 0:02:00]} 21. Qd1
{[%clk 0:00:32]} Bxd3 {[%clk 0:01:46]} 22. Bxa5 Bg6 {[%clk 0:01:34]} 23. Nxg6
{[%clk 0:00:32]} hxg6 {[%clk 0:01:35]} 24. Qd3 {[%clk 0:00:22]} Rb2
{[%clk 0:01:20]} 25. Rb5 {[%clk 0:00:18]} Rxb5 {[%clk 0:00:58]} 26. Qxb5
{[%clk 0:00:17]} Qxb5 {[%clk 0:00:44]} 27. axb5 {[%clk 0:00:18]} Rb8
{[%clk 0:00:45]} 28. Bc6 {[%clk 0:00:17]} Bc5 {[%clk 0:00:34]} 29. Bc7 Rc8
{[%clk 0:00:33]} 30. Ra8 {[%clk 0:00:14]} Rxa8 31. Bxa8 {[%clk 0:00:16]} Nd7
{[%clk 0:00:32]} 32. Bc6 {[%clk 0:00:13]} Nb6 {[%clk 0:00:34]} 33. Bxb6
{[%clk 0:00:13]} Bxb6 {[%clk 0:00:35]} 34. Be4 {[%clk 0:00:14]} g5
{[%clk 0:00:32]} 35. Kf1 {[%clk 0:00:15]} Kf8 {[%clk 0:00:29]} 36. Ke2
{[%clk 0:00:17]} Ke7 {[%clk 0:00:30]} 37. Kd3 {[%clk 0:00:18]} Kd6
{[%clk 0:00:31]} 38. f3 {[%clk 0:00:19]} Bc5 {[%clk 0:00:32]} 39. Bc6
{[%clk 0:00:19]} Bb6 {[%clk 0:00:33]} 40. Be8 {[%clk 0:00:20]} 1/2-1/2

[Event "Blitz 2018"]
[Site "Saint-Petersburg"]
[Date "2018.12.29"]
[Round "5"]
[Board "33"]
[White "Paramzina Anastasya (RUS)"]
[Black "Murashova Ekaterina (RUS)"]
[Result "1/2-1/2"]
[BlackElo "2304"]
[WhiteElo "2126"]
[LiveChessVersion "1.4.8"]

1. e4 {[%clk 0:03:03]} c5 {[%clk 0:03:04]} 2. Nf3 e6 3. b3 {[%clk 0:03:05]} d6
{[%clk 0:03:02]} 4. c4 {[%clk 0:02:55]} Nf6 {[%clk 0:03:02]} 5. Nc3
{[%clk 0:02:42]} Nc6 {[%clk 0:03:00]} 6. d4 {[%clk 0:02:35]} cxd4
{[%clk 0:02:59]} 7. Nxd4 {[%clk 0:02:36]} Be7 {[%clk 0:02:55]} 8. Be2
{[%clk 0:02:30]} O-O {[%clk 0:02:55]} 9. O-O {[%clk 0:02:29]} a6 {[%clk 0:02:35]}
10. Bb2 {[%clk 0:02:28]} Nxd4 {[%clk 0:02:27]} 11. Qxd4 {[%clk 0:02:29]} e5
{[%clk 0:02:28]} 12. Qd3 {[%clk 0:02:17]} Rb8 {[%clk 0:02:10]} 13. a4
{[%clk 0:02:17]} b6 {[%clk 0:02:03]} 14. Rfd1 {[%clk 0:02:14]} Bb7
{[%clk 0:02:04]} 15. f3 {[%clk 0:02:10]} Qc7 {[%clk 0:01:57]} 16. Ba3
{[%clk 0:02:02]} Rfd8 {[%clk 0:01:57]} 17. Kh1 {[%clk 0:02:00]} Rbc8
{[%clk 0:01:49]} 18. Qe3 {[%clk 0:01:52]} Nd7 {[%clk 0:01:37]} 19. Rac1
{[%clk 0:01:43]} Nc5 {[%clk 0:01:30]} 20. b4 {[%clk 0:01:10]} Nb3
{[%clk 0:01:15]} 21. Nd5 {[%clk 0:00:38]} Bxd5 {[%clk 0:01:16]} 22. Qxb3
{[%clk 0:00:37]} Be6 {[%clk 0:01:18]} 23. Qd3 {[%clk 0:00:31]} h6
{[%clk 0:01:12]} 24. Bf1 {[%clk 0:00:20]} Qd7 {[%clk 0:01:08]} 25. Qb3
{[%clk 0:00:19]} b5 {[%clk 0:01:07]} 26. axb5 {[%clk 0:00:15]} axb5
{[%clk 0:01:09]} 27. Qb2 {[%clk 0:00:11]} bxc4 {[%clk 0:01:05]} 28. b5
{[%clk 0:00:12]} Qb7 {[%clk 0:00:55]} 29. Qb4 {[%clk 0:00:12]} Rc5
{[%clk 0:00:31]} 30. Bxc4 {[%clk 0:00:12]} Bxc4 {[%clk 0:00:28]} 31. Rxc4
{[%clk 0:00:13]} Rxb5 {[%clk 0:00:26]} 32. Qc3 {[%clk 0:00:14]} Rb3
{[%clk 0:00:25]} 33. Qc1 {[%clk 0:00:15]} Rb8 {[%clk 0:00:20]} 34. Rc7
{[%clk 0:00:16]} Qa6 {[%clk 0:00:18]} 35. Rxe7 {[%clk 0:00:16]} Qxa3
{[%clk 0:00:17]} 36. Qc7 {[%clk 0:00:14]} Rb1 {[%clk 0:00:13]} 37. Qc2
{[%clk 0:00:06]} Rxd1+ {[%clk 0:00:13]} 38. Qxd1 {[%clk 0:00:07]} Qa2
{[%clk 0:00:11]} 39. Rc7 {[%clk 0:00:07]} Rb1 {[%clk 0:00:10]} 40. Rc1
{[%clk 0:00:07]} Rb2 {[%clk 0:00:10]} 41. Qf1 {[%clk 0:00:04]} Rf2
{[%clk 0:00:12]} 42. Qg1 {[%clk 0:00:04]} Kh7 {[%clk 0:00:12]} 43. h3
{[%clk 0:00:04]} Rd2 {[%clk 0:00:14]} 44. Qf1 {[%clk 0:00:04]} g6 45. Kg1 Kg7
{[%clk 0:00:12]} 46. Kh1 d5 47. exd5 {[%clk 0:00:06]} Rxd5 {[%clk 0:00:13]} 48.
Qe1 {[%clk 0:00:06]} Qb2 {[%clk 0:00:11]} 49. Kh2 {[%clk 0:00:06]} Rd2
{[%clk 0:00:12]} 50. Qf1 {[%clk 0:00:04]} Rxg2+ {[%clk 0:00:13]} 51. Qxg2
{[%clk 0:00:04]} Qxc1 {[%clk 0:00:15]} 52. Qe2 {[%clk 0:00:04]} Qf4+
{[%clk 0:00:16]} 53. Kg2 {[%clk 0:00:06]} h5 {[%clk 0:00:17]} 54. Qd3
{[%clk 0:00:06]} h4 {[%clk 0:00:19]} 55. Kf2 {[%clk 0:00:06]} Qg3+
{[%clk 0:00:19]} 56. Ke3 {[%clk 0:00:07]} Qxh3 {[%clk 0:00:20]} 57. Qe4
{[%clk 0:00:08]} Qf5 {[%clk 0:00:21]} 58. Qxh4 {[%clk 0:00:09]} Qf4+
{[%clk 0:00:19]} 59. Qxf4 {[%clk 0:00:10]} exf4+ {[%clk 0:00:21]} 60. Kxf4
{[%clk 0:00:10]} Kf6 {[%clk 0:00:22]} 61. Kg4 {[%clk 0:00:11]} g5
{[%clk 0:00:23]} 62. f4 {[%clk 0:00:12]} Ke5 1/2-1/2

[Event "Blitz 2018"]
[Site "Saint-Petersburg"]
[Date "2018.12.29"]
[Round "5"]
[Board "46"]
[White "Assaubayeva Bibisara (RUS)"]
[Black "Shaydullina Sandugach (RUS)"]
[Result "1-0"]
[BlackElo "2057"]
[WhiteElo "2182"]
[LiveChessVersion "1.4.8"]

1. d4 {[%clk 0:03:02]} d5 {[%clk 0:03:03]} 2. c4 {[%clk 0:03:03]} e6
{[%clk 0:03:04]} 3. Nf3 {[%clk 0:03:04]} Nf6 {[%clk 0:03:05]} 4. Nc3
{[%clk 0:03:05]} Be7 {[%clk 0:03:05]} 5. Bg5 {[%clk 0:03:06]} O-O
{[%clk 0:03:06]} 6. e3 {[%clk 0:03:07]} h6 {[%clk 0:03:06]} 7. Bh4
{[%clk 0:03:08]} Ne4 {[%clk 0:03:07]} 8. Bxe7 {[%clk 0:03:08]} Qxe7
{[%clk 0:03:08]} 9. Bd3 {[%clk 0:02:56]} Nxc3 {[%clk 0:03:07]} 10. bxc3
{[%clk 0:02:57]} f5 {[%clk 0:03:04]} 11. O-O {[%clk 0:02:53]} Nd7
{[%clk 0:03:01]} 12. cxd5 {[%clk 0:02:48]} exd5 {[%clk 0:03:02]} 13. c4
{[%clk 0:02:49]} c6 {[%clk 0:02:31]} 14. cxd5 {[%clk 0:02:50]} cxd5
{[%clk 0:02:32]} 15. Rc1 {[%clk 0:02:49]} Qd6 {[%clk 0:02:29]} 16. Qc2
{[%clk 0:02:41]} Nb6 {[%clk 0:02:25]} 17. Qc5 {[%clk 0:02:22]} Qe6
{[%clk 0:02:19]} 18. Qc7 {[%clk 0:02:12]} Bd7 {[%clk 0:02:02]} 19. Qxb7
{[%clk 0:02:05]} f4 {[%clk 0:01:46]} 20. exf4 {[%clk 0:01:28]} Rxf4
{[%clk 0:01:43]} 21. Ne5 {[%clk 0:01:28]} Be8 {[%clk 0:01:41]} 22. Rc7
{[%clk 0:01:22]} Rxd4 {[%clk 0:01:19]} 23. Rxg7+ {[%clk 0:01:18]} Kf8
{[%clk 0:01:20]} 24. Ng6+ {[%clk 0:01:09]} Bxg6 25. Rxg6 {[%clk 0:01:10]} Qf7
{[%clk 0:01:13]} 26. Rxb6 {[%clk 0:00:49]} Qxb7 {[%clk 0:01:14]} 27. Rxb7
{[%clk 0:00:50]} Rxd3 {[%clk 0:01:15]} 28. h3 {[%clk 0:00:49]} Rd2
{[%clk 0:01:11]} 29. a4 {[%clk 0:00:45]} d4 {[%clk 0:01:11]} 30. Re1
{[%clk 0:00:43]} d3 {[%clk 0:01:01]} 31. Rd7 {[%clk 0:00:41]} Re8
{[%clk 0:00:56]} 32. Rxe8+ {[%clk 0:00:29]} Kxe8 {[%clk 0:00:57]} 33. Rd4
{[%clk 0:00:29]} Ke7 {[%clk 0:00:48]} 34. Kh2 {[%clk 0:00:25]} Ke6
{[%clk 0:00:49]} 35. f4 {[%clk 0:00:22]} h5 {[%clk 0:00:46]} 36. Kg3
{[%clk 0:00:24]} Kf5 {[%clk 0:00:41]} 37. Kf3 {[%clk 0:00:25]} h4
{[%clk 0:00:39]} 38. a5 {[%clk 0:00:25]} a6 {[%clk 0:00:37]} 39. Rd6
{[%clk 0:00:25]} Rd1 {[%clk 0:00:30]} 40. Ke3 {[%clk 0:00:22]} Re1+
{[%clk 0:00:30]} 41. Kf3 {[%clk 0:00:21]} Rd1 {[%clk 0:00:31]} 42. Rd5+
{[%clk 0:00:16]} Ke6 {[%clk 0:00:31]} 43. Rd8 {[%clk 0:00:17]} Rg1
{[%clk 0:00:24]} 44. Rg8 {[%clk 0:00:10]} Rd1 45. Rg6+ {[%clk 0:00:09]} Kf5
{[%clk 0:00:23]} 46. Rxa6 {[%clk 0:00:10]} d2 {[%clk 0:00:22]} 47. Ke2
{[%clk 0:00:11]} Rg1 {[%clk 0:00:23]} 48. Kxd2 {[%clk 0:00:12]} Rxg2+
{[%clk 0:00:24]} 49. Ke3 {[%clk 0:00:11]} Rg3+ {[%clk 0:00:25]} 50. Kf2
{[%clk 0:00:13]} Kxf4 {[%clk 0:00:23]} 51. Rf6+ {[%clk 0:00:13]} Ke5
{[%clk 0:00:22]} 52. Rf3 {[%clk 0:00:12]} Rg8 {[%clk 0:00:22]} 53. Ra3
{[%clk 0:00:13]} Ra8 {[%clk 0:00:19]} 54. a6 {[%clk 0:00:14]} Ra7
{[%clk 0:00:17]} 55. Kf3 {[%clk 0:00:15]} Kf5 {[%clk 0:00:19]} 56. Ra5+
{[%clk 0:00:16]} Kg6 {[%clk 0:00:19]} 57. Kg4 {[%clk 0:00:17]} Kh6
{[%clk 0:00:20]} 58. Kxh4 {[%clk 0:00:18]} Kg6 {[%clk 0:00:20]} 59. Kg4
{[%clk 0:00:19]} Kh6 {[%clk 0:00:21]} 60. Kf5 {[%clk 0:00:19]} Kh5
{[%clk 0:00:17]} 61. Ke6+ {[%clk 0:00:20]} Kg4 {[%clk 0:00:15]} 62. Kd6+
{[%clk 0:00:22]} Ra8 {[%clk 0:00:15]} 63. a7+ {[%clk 0:00:23]} Kf4
{[%clk 0:00:14]} 64. Kc6 {[%clk 0:00:23]} Rh8 {[%clk 0:00:14]} 65. a8=Q
{[%clk 0:00:22]} Rh6+ {[%clk 0:00:12]} 66. Kb5 {[%clk 0:00:22]} Re6
{[%clk 0:00:12]} 67. Ra4+ {[%clk 0:00:23]} Kf5 {[%clk 0:00:13]} 68. Qf8+
{[%clk 0:00:22]} Kg5 {[%clk 0:00:07]} 69. Qg8+ {[%clk 0:00:23]} Kf5
{[%clk 0:00:08]} 70. Rf4+ {[%clk 0:00:24]} Ke5 {[%clk 0:00:07]} 71. Re4+
{[%clk 0:00:24]} Kxe4 {[%clk 0:00:08]} 72. Qxe6+ {[%clk 0:00:25]} Kd4
{[%clk 0:00:09]} 73. Qd6+ {[%clk 0:00:25]} Ke4 {[%clk 0:00:11]} 74. Kc4
{[%clk 0:00:26]} Kf5 {[%clk 0:00:11]} 75. Kd4 {[%clk 0:00:27]} Kg5
{[%clk 0:00:13]} 76. Qf8 {[%clk 0:00:27]} Kg6 {[%clk 0:00:14]} 77. Ke5
{[%clk 0:00:28]} Kh7 {[%clk 0:00:15]} 78. Qf4 {[%clk 0:00:26]} Kg7
{[%clk 0:00:17]} 79. Ke6 {[%clk 0:00:27]} Kh6 {[%clk 0:00:14]} 80. Qg4
{[%clk 0:00:26]} 1-0

[Event "Blitz 2018"]
[Site "Saint-Petersburg"]
[Date "2018.12.29"]
[Round "6"]
[Board "4"]
[White "Vega Gutierrez Sabrina (ESP)"]
[Black "Zhao Xue (CHN)"]
[Result "1/2-1/2"]
[BlackElo "2539"]
[WhiteElo "2221"]
[LiveChessVersion "1.4.8"]

1. e4 {[%clk 0:03:03]} Nf6 {[%clk 0:03:04]} 2. e5 {[%clk 0:03:04]} Nd5
{[%clk 0:03:05]} 3. c4 Nb6 4. d4 d6 5. exd6 {[%clk 0:03:07]} exd6
{[%clk 0:03:09]} 6. Nc3 {[%clk 0:03:06]} Be7 {[%clk 0:03:11]} 7. Bd3
{[%clk 0:03:06]} Nc6 {[%clk 0:03:10]} 8. Nge2 {[%clk 0:03:06]} Bg4
{[%clk 0:03:10]} 9. f3 {[%clk 0:03:06]} Bh5 {[%clk 0:03:12]} 10. O-O
{[%clk 0:03:05]} Bg6 {[%clk 0:03:10]} 11. Nf4 {[%clk 0:02:29]} Bxd3
{[%clk 0:02:57]} 12. Qxd3 {[%clk 0:02:29]} O-O {[%clk 0:02:43]} 13. Nfd5
{[%clk 0:02:22]} Bf6 {[%clk 0:02:04]} 14. Be3 {[%clk 0:02:17]} Re8
{[%clk 0:01:44]} 15. Bf2 {[%clk 0:02:18]} Bg5 {[%clk 0:01:22]} 16. Rfe1
{[%clk 0:02:08]} Qd7 {[%clk 0:01:00]} 17. f4 {[%clk 0:02:02]} Bh6
{[%clk 0:00:53]} 18. f5 {[%clk 0:01:46]} Nxd5 {[%clk 0:00:49]} 19. Nxd5
{[%clk 0:01:46]} Ne7 {[%clk 0:00:41]} 20. Nxe7+ {[%clk 0:01:27]} Rxe7
{[%clk 0:00:42]} 21. Bh4 {[%clk 0:01:28]} Rxe1+ {[%clk 0:00:39]} 22. Rxe1
{[%clk 0:01:29]} Re8 {[%clk 0:00:40]} 23. Re4 {[%clk 0:01:05]} c6
{[%clk 0:00:32]} 24. Qe2 {[%clk 0:00:49]} Rxe4 {[%clk 0:00:32]} 25. Qxe4
{[%clk 0:00:50]} a6 {[%clk 0:00:26]} 26. Bg3 {[%clk 0:00:38]} Bg5
{[%clk 0:00:24]} 27. d5 {[%clk 0:00:32]} c5 {[%clk 0:00:23]} 28. h3
{[%clk 0:00:30]} Bf6 {[%clk 0:00:23]} 29. b3 {[%clk 0:00:32]} Be7
{[%clk 0:00:21]} 30. Kh2 {[%clk 0:00:32]} g6 {[%clk 0:00:21]} 31. fxg6
{[%clk 0:00:29]} hxg6 {[%clk 0:00:22]} 32. Bh4 {[%clk 0:00:23]} Bxh4
{[%clk 0:00:22]} 33. Qxh4 {[%clk 0:00:24]} Kg7 {[%clk 0:00:21]} 34. Qf4
{[%clk 0:00:24]} Qe7 {[%clk 0:00:22]} 35. a4 {[%clk 0:00:19]} Qf6
{[%clk 0:00:18]} 36. Kg3 {[%clk 0:00:16]} Qc3+ {[%clk 0:00:19]} 37. Qf3
{[%clk 0:00:17]} Qe1+ {[%clk 0:00:20]} 38. Kh2 {[%clk 0:00:17]} Qe5+
{[%clk 0:00:20]} 39. Kg1 {[%clk 0:00:18]} Qd4+ {[%clk 0:00:19]} 40. Kh2
{[%clk 0:00:18]} Qe5+ {[%clk 0:00:18]} 41. Kg1 {[%clk 0:00:19]} f5
{[%clk 0:00:19]} 42. Kf2 {[%clk 0:00:18]} Kf6 {[%clk 0:00:19]} 43. Qe3
{[%clk 0:00:11]} g5 {[%clk 0:00:16]} 44. g3 {[%clk 0:00:09]} Qb2+
{[%clk 0:00:13]} 45. Kg1 {[%clk 0:00:08]} Qa1+ {[%clk 0:00:13]} 46. Kg2
{[%clk 0:00:08]} Qb2+ {[%clk 0:00:14]} 47. Kg1 {[%clk 0:00:09]} Qe5
{[%clk 0:00:13]} 48. Kf2 {[%clk 0:00:10]} b6 {[%clk 0:00:12]} 49. Ke2
{[%clk 0:00:07]} Qb2+ {[%clk 0:00:11]} 50. Kf1 {[%clk 0:00:07]} Qe5
{[%clk 0:00:11]} 51. Kf2 {[%clk 0:00:08]} Qb2+ {[%clk 0:00:10]} 52. Kg1
{[%clk 0:00:09]} Qa1+ {[%clk 0:00:10]} 53. Kg2 {[%clk 0:00:09]} Qe5
{[%clk 0:00:10]} 54. Kf2 {[%clk 0:00:10]} Qb2+ {[%clk 0:00:07]} 55. Kg1
{[%clk 0:00:10]} Qa1+ {[%clk 0:00:07]} 56. Kg2 {[%clk 0:00:10]} Qa2+
{[%clk 0:00:06]} 57. Kg1 {[%clk 0:00:10]} Qb1+ {[%clk 0:00:07]} 58. Kf2
{[%clk 0:00:08]} Qb2+ {[%clk 0:00:07]} 59. Kg1 {[%clk 0:00:08]} Qd4
{[%clk 0:00:06]} 60. Kf2 {[%clk 0:00:07]} Qe5 {[%clk 0:00:06]} 61. Ke2
{[%clk 0:00:05]} Qb2+ {[%clk 0:00:05]} 62. Kf1 Ke5 1/2-1/2

[Event "Blitz 2018"]
[Site "Saint-Petersburg"]
[Date "2018.12.29"]
[Round "6"]
[Board "5"]
[White "Tan Zhongyi (CHN)"]
[Black "Khademalsharieh Sarasadat (IRI)"]
[Result "0-1"]
[BlackElo "2377"]
[WhiteElo "2494"]
[LiveChessVersion "1.4.8"]

1. d4 {[%clk 0:03:03]} d5 {[%clk 0:03:01]} 2. c4 {[%clk 0:03:03]} e6
{[%clk 0:03:02]} 3. Nc3 {[%clk 0:03:04]} Bb4 {[%clk 0:03:02]} 4. cxd5
{[%clk 0:03:01]} exd5 {[%clk 0:03:03]} 5. Bf4 {[%clk 0:03:01]} Nf6
{[%clk 0:02:56]} 6. e3 {[%clk 0:03:02]} O-O {[%clk 0:02:48]} 7. Nf3
{[%clk 0:03:02]} Ne4 {[%clk 0:02:46]} 8. Qb3 {[%clk 0:02:49]} c5 {[%clk 0:02:44]}
9. dxc5 {[%clk 0:02:30]} Qa5 {[%clk 0:02:34]} 10. Rc1 {[%clk 0:02:09]} Qxc5
{[%clk 0:02:19]} 11. Be2 {[%clk 0:01:56]} Bxc3+ {[%clk 0:02:16]} 12. bxc3
{[%clk 0:01:57]} Nc6 {[%clk 0:02:17]} 13. O-O {[%clk 0:01:55]} b6
{[%clk 0:01:33]} 14. Rfd1 {[%clk 0:01:54]} Be6 {[%clk 0:01:33]} 15. Nd4
{[%clk 0:01:51]} Na5 {[%clk 0:01:33]} 16. Qb4 {[%clk 0:01:45]} Rfc8
{[%clk 0:01:32]} 17. Qxc5 {[%clk 0:01:42]} Rxc5 {[%clk 0:01:27]} 18. Nxe6
{[%clk 0:01:31]} fxe6 {[%clk 0:01:28]} 19. Be5 {[%clk 0:01:32]} Rac8
{[%clk 0:01:29]} 20. Ba6 {[%clk 0:01:33]} R8c6 {[%clk 0:00:56]} 21. f3
{[%clk 0:00:30]} Nxc3 {[%clk 0:00:52]} 22. Bxc3 {[%clk 0:00:31]} Rxc3
{[%clk 0:00:53]} 23. Rxc3 {[%clk 0:00:32]} Rxc3 {[%clk 0:00:54]} 24. e4
{[%clk 0:00:33]} Rc5 {[%clk 0:00:28]} 25. Bd3 {[%clk 0:00:23]} h6
{[%clk 0:00:25]} 26. h4 {[%clk 0:00:18]} Kf7 {[%clk 0:00:26]} 27. h5
{[%clk 0:00:16]} Nc6 {[%clk 0:00:24]} 28. exd5 {[%clk 0:00:15]} Rxd5
{[%clk 0:00:23]} 29. Bg6+ {[%clk 0:00:16]} Kf6 {[%clk 0:00:24]} 30. Rc1
{[%clk 0:00:15]} Ne7 {[%clk 0:00:21]} 31. Be4 {[%clk 0:00:14]} Rxh5
{[%clk 0:00:22]} 32. Kf2 {[%clk 0:00:12]} Ra5 {[%clk 0:00:23]} 33. Rc2
{[%clk 0:00:13]} Nd5 {[%clk 0:00:23]} 34. g4 {[%clk 0:00:12]} Nb4
{[%clk 0:00:24]} 35. Rc7 {[%clk 0:00:12]} Rxa2+ {[%clk 0:00:24]} 36. Kg3
{[%clk 0:00:13]} Nd5 {[%clk 0:00:23]} 37. Rc8 {[%clk 0:00:12]} g5
{[%clk 0:00:23]} 38. Bxd5 {[%clk 0:00:04]} exd5 {[%clk 0:00:24]} 39. Rc6+
{[%clk 0:00:05]} Kg7 {[%clk 0:00:25]} 40. Rd6 {[%clk 0:00:07]} Rd2
{[%clk 0:00:24]} 41. Rd7+ {[%clk 0:00:08]} Kf6 {[%clk 0:00:25]} 42. Rxa7
{[%clk 0:00:09]} b5 {[%clk 0:00:25]} 43. Ra6+ {[%clk 0:00:09]} Ke5
{[%clk 0:00:23]} 44. Rxh6 {[%clk 0:00:09]} b4 {[%clk 0:00:24]} 45. Rg6
{[%clk 0:00:10]} b3 {[%clk 0:00:24]} 46. Rxg5+ {[%clk 0:00:11]} Kd4
{[%clk 0:00:20]} 47. Rg8 {[%clk 0:00:12]} b2 {[%clk 0:00:20]} 48. Rb8
{[%clk 0:00:13]} Kc3 {[%clk 0:00:21]} 49. g5 {[%clk 0:00:14]} Rd1
{[%clk 0:00:21]} 50. Kf4 {[%clk 0:00:09]} Rd4+ {[%clk 0:00:18]} 51. Ke5
{[%clk 0:00:05]} Rb4 {[%clk 0:00:19]} 52. Kd4+ 0-1